• 首页
  • 本馆介绍
  • 公告通知
  • 最新文献
  • 馆藏检索
  • 电子资源
  • 读者导购
  • 参考咨询
  • 我的图书馆
  • 登录
  • 详细信息显示
  • 放入我的书架
  • 预约/预借图书
  • 作者相关作品
  • 分类相关作品
  • 丛书相关作品
  • 出版社相关作品

书目信息

  • 表格格式
  • 工作单格式
  • 卡片格式
题名:
中国海域构造地质学
    
 
作者: 张训华 编著
分册:  
出版信息: 北京   海洋出版社  2008.06
页数: 10,404页
开本: 26cm
丛书名: 中国海洋地质丛书
单 册:
中图分类: P736.1
科图分类:
主题词: 海洋地质学--构造地质学--中国 , 海洋地质学 , 构造地质学
电子资源:
ISBN: 978-7-5027-7010-5
000 01071oam2 22003011 450
001 003906406
005 20100713053815.0
010    @a978-7-5027-7010-5@dCNY90.00
100    @a20080911d2008 em y0chiy50 ea
101 0  @achi
102    @aCN@b110000
105    @aab z 000yy
200 1  @a中国海域构造地质学@9zhong guo hai yu gou zao di zhi xue@dTectonic geology in China seas@f张训华等编著@zeng
210    @a北京@c海洋出版社@d2008.06
215    @a10,404页@c图,地图@d26cm
225 2  @a中国海洋地质丛书
300    @a海洋科技著作出版基金资助出版
330    @a该书从海洋构造地质学的发展,中国海所处大地构造背景、地球物理场、地层、断裂、构造区划和形成演化等方面对中国海域构造地质问题的研究成果进行了总结探讨。
461  0 @12001 @a中国海洋地质丛书
510 1  @aTectonic geology in China seas@zeng
606 0  @a海洋地质学@x构造地质学@y中国
606 0  @a海洋地质学
606 0  @a构造地质学
690    @aP736.1@v5
701  0 @a张训华@9zhang xun hua@f(1961.11~)@4编著
801  0 @aCN@b91MARC@c20101222
905    @aBZT@dP736.1@e1
906    @dCNY90.00@n0@r1
    
    中国海域构造地质学=Tectonic geology in China seas/张训华等编著.-北京:海洋出版社,2008.06
    10,404页:图,地图;26cm.-(中国海洋地质丛书)
    海洋科技著作出版基金资助出版
    
    ISBN 978-7-5027-7010-5:CNY90.00
    该书从海洋构造地质学的发展,中国海所处大地构造背景、地球物理场、地层、断裂、构造区划和形成演化等方面对中国海域构造地质问题的研究成果进行了总结探讨。
●
相关链接 在五车中查询图书 在当当中查询图书 在豆瓣中查询图书


正题名:中国海域构造地质学     索取号:P736.1/1         预约/预借

序号 登录号 条形码 馆藏地/架位号 状态 备注
1 754535   2000754535   样本书库/样001架A面5层2列/ [索取号:P736.1/1] 在馆    
2 754536   2000754536   中心书库中库/ 中库041架B面1列2层65/ [索取号:P736.1/1] 在馆    
3 754537   2000754537   中心书库中库/ 中库041架B面1列2层62/ [索取号:P736.1/1] 在馆    
4 754538   2000754538   中心书库/ [索取号:P736.1/1] 已借出,限还日期为2020.11.25
借出人:王进博  
 
5 754539   2000754539   中心书库中库/ 中库041架B面1列2层64/ [索取号:P736.1/1] 在馆    
6 754540   2000754540   中心书库中库/ 中库041架B面1列2层63/ [索取号:P736.1/1] 在馆    
山东省滨州职业学院图书馆 欢迎您!
大连网信软件有限公司© 版权所有